As três cartas de Marco (Record no. 15857)

MARC details
000 -LÍDER
campo de controle de tamanho fixo 00372 a2200157 4500
001 - NÚMERO DE CONTROLE
campo de controle 15857
020 ## - ISBN - INTERNATIONAL STANDARD BOOK NUMBER
ISBN - International Standard Book Number 9788532279194
040 ## - FONTE DA CATALOGAÇÃO
Instituição que transcreveu o registro Anchieta - Bela Vista
100 ## - ENTRADA PRINCIPAL--NOME PESSOAL
Nome pessoal Ballard, Elizabth Silance
240 10 - TÍTULO UNIFORME
Título uniforme As três cartas de Marco
Idioma da obra por
245 10 - TÍTULO
Título As três cartas de Marco
300 ## - DESCRIÇÃO FÍSICA
Extensão 39
362 0# - DATAS DE PUBLICAÇÃO E/OU DESIGNAÇÃO SEQUENCIAL
Datas de publicação e/ou designação sequencial 2011
650 #4 - ASSUNTO--TERMO TÓPICO
Cabeçalho tópico ou nome geográfico Literatura infanto-juvenil
942 ## - ELEMENTOS DE ENTRADA ADICIONADOS (KOHA)
Tipo de material Koha Livros
Holdings
Situação do descarte Situação das perdas Situação física Não pode ser emprestado Biblioteca de origem Biblioteca atual Data de aquisição Total de empréstimos Número de chamada completo Código de barras Data de último acesso Data do preço efetivo Tipo de material Koha
        Colégio Anchieta - Bela Vista Colégio Anchieta - Bela Vista 21/11/2023   028.5 B189t BAL TRE 773/BEL 21/11/2023 21/11/2023 Livros
        Colégio Anchieta - Bela Vista Colégio Anchieta - Bela Vista 21/11/2023   028.5 B189t BAL TRE 2165/BEL 21/11/2023 21/11/2023 Livros
        Colégio São Paulo Colégio São Paulo 21/11/2023   028.5 BAL TRE 5207/ITA 21/11/2023 21/11/2023 Livros
        Colégio São Paulo Colégio São Paulo 22/11/2023   LI 028.5 B189t 4956/CSP 22/11/2023 22/11/2023 Livros